Statystyki dla Ksywki drużyn Premier League (PO ANG)

Kliknij tutaj aby rozwiązać quiz!

Ogólne statystyki

  • Ten quiz został rozwiązany 18 razy
  • Średni wynik to 11 z 20

Statystyki odpowiedzi

KlubNickname% Poprawnych
WolvesWolves
89%
ChelseaBlues
83%
ArsenalGunners
78%
WesthamHammers
78%
LiverpoolReds
78%
ForestReds
78%
Man UtdRed Devils
72%
TottenhamSpurs
67%
BmouthCherries
61%
BrentfordBees
50%
PalaceEagles
50%
BrightonSeagulls
50%
Man CityCity
44%
NewcasMagpies
44%
Aston VVilla
44%
SheffieldBlades
39%
BurnleyClarets
33%
EvertonToffees
33%
FulhamCottagers
28%
LutonHatters
28%

Rozkład punktacji

Percentyl według liczby udzielonych odpowiedzi

Procent ludzi z każdym wynikiem

Twoja historia wyników

Nie rozwiązałeś tego quizu